LEADER 01170nam a22002651i 4500 001 991003717419707536 005 20040531115118.0 008 040802s19uu it |||||||||||||||||ita 035 $ab13116691-39ule_inst 035 $aARCHE-106930$9ExL 040 $aBiblioteca Interfacoltà$bita$cA.t.i. Arché s.c.r.l. Pandora Sicilia s.r.l. 082 04$a856 100 1 $aGuicciardini, Francesco$08569 245 10$aCarteggi di Francesco Guicciardini /$ca cura di Pier Giorgio Ricci 260 $aRoma :$bIstituto storico italiano per l'età moderna e contemporanea,$c[19..] 300 $av. ;$c27 cm 440 0$aFonti per la storia d'Italia 700 1 $aRicci, Pier Giorgio 907 $a.b13116691$b02-04-14$c05-08-04 912 $a991003717419707536 945 $aLE002 Fondo Giudici P 998/0014$g1$iLE002G-14515$lle002$nV. 14. - C. 1$o-$pE0.00$q-$rn$so $t0$u0$v0$w0$x0$y.i13751773$z05-08-04 945 $aLE002 Fondo Giudici P 998/0015$g1$iLE002G-14516$lle002$nV. 15. - C. 1$o-$pE0.00$q-$rn$so $t0$u0$v0$w0$x0$y.i13751785$z05-08-04 996 $aCarteggi di Francesco Guicciardini$9307637 997 $aUNISALENTO 998 $ale002$b05-08-04$cm$da $e-$fita$git $h0$i2 LEADER 03006nam 22006015 450 001 9910483449303321 005 20200711023638.0 010 $a3-89935-307-2 024 7 $a10.1007/978-3-89935-307-5 035 $a(CKB)4100000004834867 035 $a(MiAaPQ)EBC5428737 035 $a(DE-He213)978-3-89935-307-5 035 $a(PPN)229498515 035 $a(EXLCZ)994100000004834867 100 $a20180611d2017 u| 0 101 0 $ager 135 $aurcnu|||||||| 181 $ctxt$2rdacontent 182 $cc$2rdamedia 183 $acr$2rdacarrier 200 10$aBetreuung drogenabhängiger Schwangerer und ihrer Neugeborenen /$fherausgegeben von Ludwig Gortner, Joachim W. Dudenhausen 205 $a1st ed. 2017. 210 1$aBerlin, Heidelberg :$cSpringer Medizin Verlag :$cImprint: Springer,$d2017. 215 $a1 online resource (92 pages) 311 $a3-89935-306-4 330 $aDrogenmissbrauch in der Schwangerschaft hat negative Folgen für die werdende Mutter und ihr ungeborenes Kind. Eine möglichst frühe und umfassende Aufklärung ist deshalb eine der wichtigsten Aufgaben, die vor allem Ärztinnen und Ärzte leisten müssen, aber auch Angehörige aller Gesundheitsberufe, die Schwangere und junge Mütter betreuen. Ziel ist dabei, Mutter und Kind vor den Folgen des Drogenkonsums zu bewahren bzw. zumindest die Risiken so weit wie möglich zu minimieren. Grundlegende pharmakologische Kenntnisse der intrauterinen Exposition mit deren Langzeitfolgen und den sich daraus ergebenden therapeutischen Maßnahmen bilden die Basis zu diesen Aufgaben. 606 $aGynecology 606 $aMaternal and child health services 606 $aPediatrics 606 $aPsychopharmacology 606 $aPrimary care (Medicine) 606 $aGynecology$3https://scigraph.springernature.com/ontologies/product-market-codes/H26006 606 $aMaternal and Child Health$3https://scigraph.springernature.com/ontologies/product-market-codes/H27025 606 $aPediatrics$3https://scigraph.springernature.com/ontologies/product-market-codes/H49006 606 $aPsychopharmacology$3https://scigraph.springernature.com/ontologies/product-market-codes/H53010 606 $aPrimary Care Medicine$3https://scigraph.springernature.com/ontologies/product-market-codes/H51000 615 0$aGynecology. 615 0$aMaternal and child health services. 615 0$aPediatrics. 615 0$aPsychopharmacology. 615 0$aPrimary care (Medicine) 615 14$aGynecology. 615 24$aMaternal and Child Health. 615 24$aPediatrics. 615 24$aPsychopharmacology. 615 24$aPrimary Care Medicine. 676 $a618.3 702 $aGortner$b Ludwig$4edt$4http://id.loc.gov/vocabulary/relators/edt 702 $aDudenhausen$b Joachim W$4edt$4http://id.loc.gov/vocabulary/relators/edt 906 $aBOOK 912 $a9910483449303321 996 $aBetreuung drogenabhängiger Schwangerer und ihrer Neugeborenen$92853855 997 $aUNINA